[Event "Cto. FACV Ind. Primera Valencia 2014"]
[Site "Valencia ESP"]
[Date "2014.10.18"]
[Round "3.5"]
[White "Marques Montolio, Luis"]
[Black "Anguix Gomez, Exuperio"]
[Result "0-1"]
[WhiteElo "1716"]
[BlackElo "1859"]
[PlyCount "114"]
[EventDate "2014.09.27"]
[EventType "swiss"]
[EventRounds "7"]
[EventCountry "ESP"]
[Source "lmi"]
[SourceDate "2014.09.27"]

1. e4 d6 2. d4 Nf6 3. Bd3 Nbd7 4. Nf3 e5 5. c3 c6 6. O-O Be7 7. Re1 O-O 8. Nbd2
b5 9. Nf1 Re8 10. Ng3 exd4 11. cxd4 Nf8 12. Bg5 Bg4 13. h3 Bd7 14. Qd2 a5 15.
a3 Qb6 16. e5 dxe5 17. Nxe5 Be6 18. Nf5 Bxf5 19. Bxf5 Rad8 20. Be3 c5 21. dxc5
Bxc5 22. Qc3 Bxe3 23. Qxe3 Qxe3 24. Rxe3 Rd2 25. Rb1 Nd5 26. Ree1 f6 27. Nf3
Rxe1+ 28. Nxe1 g6 29. Nf3 Re2 30. Bd3 Re7 31. Bxb5 Kg7 32. Kf1 Rc7 33. b3 Nc3
34. Re1 Nxb5 35. a4 Nd6 36. Rd1 Ne4 37. Rd5 Rc5 38. Rd8 Rc2 39. Rd5 Rxf2+ 40.
Kg1 Rb2 41. Rxa5 Rxb3 42. Ra7+ Kh6 43. Nd4 Rd3 44. Nf3 Ne6 45. a5 Nf4 46. a6
Nxh3+ 47. Kh2 Nf4 48. Ra8 Ra3 49. a7 Ra2 50. Ne1 f5 51. Kg1 Ra1 52. Kf1 Kg7 53.
g3 Nxg3+ 54. Kf2 Ne4+ 55. Kf3 g5 56. Nc2 Ra2 57. Nd4 Ra3+ 0-1

[Event "Cto. FACV Ind. Primera Valencia 2014"]
[Site "Valencia ESP"]
[Date "2014.10.18"]
[Round "3.6"]
[White "Herrero Carrion, Alejandro"]
[Black "Gasco Navarro, Miguel Angel"]
[Result "1-0"]
[WhiteElo "1830"]
[BlackElo "1564"]
[PlyCount "65"]
[EventDate "2014.09.27"]
[EventType "swiss"]
[EventRounds "7"]
[EventCountry "ESP"]
[Source "lmi"]
[SourceDate "2014.09.27"]

1. e4 e5 2. Nf3 Nc6 3. c3 Nf6 4. d4 exd4 5. e5 Ng4 6. cxd4 Bb4+ 7. Nc3 d6 8. h3
Nh6 9. Bg5 Qd7 10. Bxh6 gxh6 11. Qb3 Qf5 12. Bb5 Bxc3+ 13. Qxc3 Bd7 14. Bd3 Qf4
15. exd6 cxd6 16. d5 Ne5 17. Nxe5 Qxe5+ 18. Qxe5+ dxe5 19. f4 exf4 20. Kf2 Rc8
21. Rhe1+ Kf8 22. Rac1 Kg7 23. Rxc8 Rxc8 24. Re7 Rd8 25. Kf3 Kf6 26. Re4 Bf5
27. Rxf4 Rxd5 28. Be4 Rb5 29. g4 Rxb2 30. Rxf5+ Kg6 31. Bd5 f6 32. Bb3 Rd2 33.
Rd5 1-0

[Event "Cto. FACV Ind. Primera Valencia 2014"]
[Site "Valencia ESP"]
[Date "2014.10.18"]
[Round "3.7"]
[White "Soghomonyan, Anush"]
[Black "Gonzalvez Tamarit, Ruben"]
[Result "0-1"]
[WhiteElo "1650"]
[BlackElo "1821"]
[PlyCount "124"]
[EventDate "2014.09.27"]
[EventType "swiss"]
[EventRounds "7"]
[EventCountry "ESP"]
[Source "lmi"]
[SourceDate "2014.09.27"]

1. d4 Nf6 2. c4 e6 3. Nc3 Bb4 4. Bd2 Bxc3 5. Bxc3 d5 6. e3 Ne4 7. Bb4 Nc6 8.
Ba3 Ne7 9. Bd3 Nf6 10. Nf3 O-O 11. O-O Re8 12. b3 Ng6 13. Ng5 c6 14. f4 Nd7 15.
e4 h6 16. f5 exf5 17. exf5 Qxg5 18. Bc1 Qh4 19. fxg6 Qxd4+ 20. Kh1 f6 21. Rb1
Nc5 22. Bc2 Qxd1 23. Bxd1 Bf5 24. Rb2 Nd3 25. Rc2 Bxg6 26. cxd5 cxd5 27. Bf3
Be4 28. Bxe4 Rxe4 29. Ba3 Rae8 30. h3 Re1 31. Rxe1 Rxe1+ 32. Kh2 Nf4 33. Rf2
Re2 34. Rxe2 Nxe2 35. Bc5 b6 36. Be3 Nc3 37. Bd2 Ne4 38. Be3 Kf7 39. Kg1 Ke6
40. Bd4 g6 41. Kf1 f5 42. Ke2 h5 43. Kf3 g5 44. g3 Kd6 45. b4 Ke6 46. a4 Nd2+
47. Ke2 Nb3 48. Be3 d4 49. Bxg5 a5 50. bxa5 bxa5 51. Kd3 Kd5 52. Bf4 Nc5+ 53.
Kc2 Kc4 54. Bh6 d3+ 55. Kd1 Nb3 56. Bg5 Kb4 57. Be7+ Kxa4 58. Bd6 Kb5 59. Ba3
Kc4 60. Bb2 a4 61. Ba3 Nd4 62. Kd2 Nf3+ 0-1

[Event "Cto. FACV Ind. Primera Valencia 2014"]
[Site "Valencia ESP"]
[Date "2014.10.18"]
[Round "3.8"]
[White "Carbonell Sancho, Marc"]
[Black "Lopez Garcia, Miguel"]
[Result "1-0"]
[WhiteElo "1560"]
[BlackElo "1781"]
[PlyCount "113"]
[EventDate "2014.09.27"]
[EventType "swiss"]
[EventRounds "7"]
[EventCountry "ESP"]
[Source "lmi"]
[SourceDate "2014.09.27"]

1. e4 c6 2. d4 d5 3. exd5 cxd5 4. c4 Nf6 5. Nc3 e6 6. Nf3 Bb4 7. a3 Bxc3+ 8.
bxc3 Ne4 9. Qc2 Nc6 10. Bd3 f5 11. Bf4 O-O 12. O-O b6 13. Rad1 Bb7 14. Rfe1 Qe7
15. cxd5 exd5 16. Qb3 Qf7 17. Ne5 Nxe5 18. Bxe5 Rac8 19. Rc1 Qg6 20. Bf4 Qf7
21. c4 Kh8 22. Re2 Rfe8 23. Rec2 h6 24. cxd5 Rxc2 25. Rxc2 Bxd5 26. Qb5 Re7 27.
h3 Ng5 28. Be5 Be6 29. Re2 Rd7 30. f4 Ne4 31. Qb4 Bd5 32. Qb2 Qh5 33. Qc2 Bb7
34. Bxe4 fxe4 35. Rxe4 Qg6 36. Re2 Qf7 37. Qd3 Qd5 38. Qg6 Qc6 39. Bxg7+ Rxg7
40. Re8+ Qxe8 41. Qxe8+ Kh7 42. g4 Bd5 43. f5 Bg8 44. Kf2 a6 45. Qc6 b5 46.
Qxa6 Bc4 47. Ke3 h5 48. Kf4 h4 49. g5 Kh8 50. Qh6+ Rh7 51. Qf8+ Bg8 52. g6 Rg7
53. Kg5 b4 54. f6 Ra7 55. Qh6+ Bh7 56. gxh7 bxa3 57. Kg6 1-0

[Event "Cto. FACV Ind. Primera Valencia 2014"]
[Site "Valencia ESP"]
[Date "2014.10.18"]
[Round "3.9"]
[White "Garrigues Pinazo, Jorge Ignaci"]
[Black "Mateo Lopez, Ricardo"]
[Result "1/2-1/2"]
[WhiteElo "1779"]
[BlackElo "1512"]
[PlyCount "112"]
[EventDate "2014.09.27"]
[EventType "swiss"]
[EventRounds "7"]
[EventCountry "ESP"]
[Source "lmi"]
[SourceDate "2014.09.27"]

1. e4 e5 2. Nf3 d6 3. d4 exd4 4. Nxd4 Be7 5. Be2 Nf6 6. Nc3 O-O 7. O-O Bd7 8.
f4 c5 9. Nf3 Nc6 10. h3 h6 11. Be3 Re8 12. Nd2 a6 13. a4 Bf8 14. Bc4 Be6 15.
Qf3 Bxc4 16. Nxc4 Nxe4 17. Nxe4 d5 18. Nxc5 Bxc5 19. Bxc5 dxc4 20. Rad1 Qa5 21.
Qa3 b5 22. axb5 Qxa3 23. Bxa3 axb5 24. c3 Re2 25. Rd6 Rc8 26. Rfd1 Re6 27. R6d5
Rb8 28. Kf2 Ne7 29. Rd8+ Rxd8 30. Rxd8+ Kh7 31. Bxe7 Rxe7 32. Rb8 Rd7 33. Rxb5
Rd2+ 34. Kf3 g6 35. Rb4 Kg7 36. Rxc4 Rxb2 37. g3 Rc2 38. Rc8 Rc1 39. Rc5 h5 40.
g4 hxg4+ 41. hxg4 Rf1+ 42. Ke4 Re1+ 43. Kd3 Rd1+ 44. Kc4 Rf1 45. f5 Rf4+ 46.
Kb5 Rxg4 47. fxg6 Kxg6 48. Rd5 f5 49. c4 f4 50. c5 f3 51. Rd1 Kf5 52. c6 Rg8
53. c7 Rc8 54. Kc6 Kf4 55. Kb7 Rxc7+ 56. Kxc7 f2 1/2-1/2

[Event "Cto. FACV Ind. Primera Valencia 2014"]
[Site "Valencia ESP"]
[Date "2014.10.18"]
[Round "3.10"]
[White "Montoya Hernandez, Ramon"]
[Black "Martinez Clari, Joan"]
[Result "0-1"]
[WhiteElo "1662"]
[BlackElo "1832"]
[PlyCount "62"]
[EventDate "2014.09.27"]
[EventType "swiss"]
[EventRounds "7"]
[EventCountry "ESP"]
[Source "lmi"]
[SourceDate "2014.09.27"]

1. d4 Nf6 2. e3 e6 3. f4 b6 4. Nf3 Bb7 5. Bd3 Ne4 6. O-O Be7 7. Nbd2 f5 8. Ne5
O-O 9. Qf3 Nc5 10. Qh3 Nxd3 11. Nxd3 Rf6 12. g4 Rh6 13. Qg3 Bh4 14. g5 Bxg3 15.
gxh6 Bh4 16. Nf3 gxh6 17. Kg2 d6 18. Bd2 Nd7 19. Rg1 Kf7 20. Nde1 Nf6 21. Kf1
Ne4 22. Ke2 Nxd2 23. Kxd2 Bxe1+ 24. Nxe1 Qh4 25. Nd3 Rg8 26. Rxg8 Kxg8 27. Re1
Qxh2+ 28. Re2 Qg3 29. c4 Bf3 30. Re1 Be4 31. Nc1 Kf7 0-1

[Event "Cto. FACV Ind. Primera Valencia 2014"]
[Site "Valencia ESP"]
[Date "2014.10.25"]
[Round "4.1"]
[White "Anguix Gomez, Exuperio"]
[Black "Juarez Murcia, Valeriano"]
[Result "0-1"]
[WhiteElo "1859"]
[BlackElo "1815"]
[PlyCount "74"]
[EventDate "2014.09.27"]
[EventType "swiss"]
[EventRounds "7"]
[EventCountry "ESP"]
[Source "lmi"]
[SourceDate "2014.09.27"]

1. Nf3 Nf6 2. c4 g6 3. d4 Bg7 4. g3 O-O 5. Bg2 d6 6. O-O Nbd7 7. Nc3 e5 8. e4
exd4 9. Nxd4 Re8 10. h3 Nc5 11. Re1 c6 12. Be3 Ncxe4 13. Nxe4 Nxe4 14. Qc2 Nxg3
15. fxg3 Rxe3 16. Rxe3 Bxd4 17. Qe4 Bxe3+ 18. Qxe3 Qb6 19. Qf2 Qxf2+ 20. Kxf2
Be6 21. b3 Kf8 22. Rd1 Ke7 23. Ke3 Rd8 24. Kf4 Kf6 25. g4 h6 26. h4 g5+ 27. Kg3
d5 28. h5 Ke7 29. c5 f5 30. gxf5 Bxf5 31. Re1+ Kd7 32. Rf1 Ke6 33. Re1+ Kf6 34.
Bf3 Rd7 35. Re8 Re7 36. Ra8 a6 37. Rb8 Ke5 0-1

[Event "Cto. FACV Ind. Primera Valencia 2014"]
[Site "Valencia ESP"]
[Date "2014.10.25"]
[Round "4.2"]
[White "Fuset Torralba, Jose Luis"]
[Black "Gonzalvez Tamarit, Ivan"]
[Result "1-0"]
[WhiteElo "1727"]
[BlackElo "1876"]
[PlyCount "103"]
[EventDate "2014.09.27"]
[EventType "swiss"]
[EventRounds "7"]
[EventCountry "ESP"]
[Source "lmi"]
[SourceDate "2014.09.27"]

1. c4 Nf6 2. g3 e6 3. Bg2 c5 4. Nf3 Be7 5. O-O O-O 6. Nc3 Nc6 7. d4 cxd4 8.
Nxd4 a6 9. h3 Qc7 10. Be3 d6 11. Rc1 Bd7 12. Nd5 Qd8 13. Nxe7+ Qxe7 14. Nb3
Rab8 15. Qd2 Rfc8 16. f4 b5 17. cxb5 Rxb5 18. Rfd1 d5 19. Bc5 Qd8 20. e4 dxe4
21. Bf1 Rbb8 22. Bxa6 Rc7 23. Bd6 Nd5 24. Bc4 Nf6 25. Nc5 e3 26. Qxe3 Rxb2 27.
Bxc7 Qxc7 28. Nxd7 Nxd7 29. Bb3 Qb7 30. Rd2 Rxd2 31. Qxd2 Qb6+ 32. Qf2 Qb5 33.
Rd1 Nf6 34. Re1 g6 35. Kh2 Ne7 36. g4 Ned5 37. g5 Nh5 38. Bxd5 Qxd5 39. Re2 Qd6
40. Rd2 Qc7 41. Qd4 Nxf4 42. Qd8+ Qxd8 43. Rxd8+ Kg7 44. a4 Nd5 45. Rxd5 exd5
46. a5 d4 47. Kg3 f5 48. a6 d3 49. Kf3 f4 50. a7 d2 51. Ke2 f3+ 52. Kxd2 1-0

[Event "Cto. FACV Ind. Primera Valencia 2014"]
[Site "Valencia ESP"]
[Date "2014.10.25"]
[Round "4.3"]
[White "Martinez Hernandez, Paula"]
[Black "Marti Viguer, Jose Maria"]
[Result "1-0"]
[WhiteElo "1800"]
[BlackElo "1849"]
[PlyCount "71"]
[EventDate "2014.09.27"]
[EventType "swiss"]
[EventRounds "7"]
[EventCountry "ESP"]
[Source "lmi"]
[SourceDate "2014.09.27"]

1. e4 d6 2. d4 Nf6 3. Nc3 c6 4. Be3 Qa5 5. f3 e5 6. Nge2 Be7 7. g4 Nbd7 8. Qd2
exd4 9. Nxd4 Ne5 10. Be2 g6 11. g5 Nh5 12. f4 Ng4 13. Nb3 Qc7 14. Bd4 O-O 15.
h3 c5 16. Nd5 Qd8 17. hxg4 Ng3 18. Nxe7+ Qxe7 19. Qe3 Qxe4 20. Qxe4 Nxe4 21.
Bf2 Re8 22. Rg1 Bd7 23. Kf1 Bc6 24. Rd1 b6 25. Nd2 d5 26. Nxe4 Rxe4 27. f5 Rae8
28. Bf3 Rf4 29. Bxd5 Bb5+ 30. c4 Ba6 31. fxg6 hxg6 32. b3 Bc8 33. Re1 Kf8 34.
Rxe8+ Kxe8 35. Ke1 Bxg4 36. Be3 1-0

[Event "Cto. FACV Ind. Primera Valencia 2014"]
[Site "Valencia ESP"]
[Date "2014.10.25"]
[Round "4.4"]
[White "Dolz Belenguer, Ramon Miguel"]
[Black "Herrero Carrion, Alejandro"]
[Result "1-0"]
[WhiteElo "1870"]
[BlackElo "1830"]
[PlyCount "105"]
[EventDate "2014.09.27"]
[EventType "swiss"]
[EventRounds "7"]
[EventCountry "ESP"]
[Source "lmi"]
[SourceDate "2014.09.27"]

1. e4 c5 2. d4 cxd4 3. c3 d3 4. Bxd3 Nc6 5. Nf3 d6 6. Be3 Nf6 7. h3 e6 8. O-O
Be7 9. Nbd2 O-O 10. Qc2 e5 11. Rad1 h6 12. Bc4 Na5 13. Bb5 a6 14. Be2 b5 15.
Nb3 Nxb3 16. axb3 Qc7 17. c4 Bb7 18. Bd3 Rfc8 19. Rc1 b4 20. Nh2 Bc6 21. Ng4
Nxg4 22. hxg4 Qb7 23. Rce1 a5 24. f4 a4 25. f5 Bf6 26. bxa4 b3 27. Qf2 Rxa4 28.
Bc1 Bd8 29. Qg3 Ba5 30. Re2 Bb6+ 31. Kh2 f6 32. Qh4 Qf7 33. Rh1 Kf8 34. Qg3 Bc5
35. Be3 Bb7 36. Qf2 Ba6 37. Bxc5 dxc5 38. Rc1 Bxc4 39. Rd2 Bxd3 40. Rxc5 Rc4
41. Rxc8+ Rxc8 42. Rxd3 Qb7 43. Qe3 Rc4 44. Rxb3 Qxe4 45. Rb8+ Ke7 46. Qa3+ Kd7
47. Qa7+ Rc7 48. Qa2 Qf4+ 49. Kh3 Qc4 50. Qa3 Qc5 51. Qa4+ Qc6 52. Qd1+ Ke7 53.
Qd8+ 1-0

[Event "Cto. FACV Ind. Primera Valencia 2014"]
[Site "Valencia ESP"]
[Date "2014.10.25"]
[Round "4.5"]
[White "Gonzalvez Tamarit, Ruben"]
[Black "Rull Costa, Baltasar"]
[Result "0-1"]
[WhiteElo "1821"]
[BlackElo "1747"]
[PlyCount "166"]
[EventDate "2014.09.27"]
[EventType "swiss"]
[EventRounds "7"]
[EventCountry "ESP"]
[Source "lmi"]
[SourceDate "2014.09.27"]

1. e4 d5 2. exd5 Nf6 3. Nc3 Nxd5 4. d4 Nxc3 5. bxc3 g6 6. Bc4 Bg7 7. Nf3 O-O 8.
O-O c6 9. Bf4 Nd7 10. Qd2 Nb6 11. Bb3 Nd5 12. Bh6 Be6 13. Bxg7 Kxg7 14. Ng5 Bf5
15. Rfe1 Qd6 16. c4 Nc7 17. c5 Qf6 18. Ne4 Bxe4 19. Rxe4 e6 20. Qb4 Na6 21. Qc4
Rad8 22. c3 Rd7 23. Qe2 Nc7 24. Rb1 Rfd8 25. g3 Nb5 26. Qe3 Nc7 27. Rh4 h5 28.
Rf4 Qe7 29. Re1 Nd5 30. Bxd5 cxd5 31. Qe5+ Kg8 32. Re3 Qf8 33. Qg5 Qg7 34. Rf6
Kh7 35. h3 Rf8 36. g4 Qh6 37. Qxh6+ Kxh6 38. Rexe6 fxe6 39. Rxf8 hxg4 40. hxg4
Kg7 41. Ra8 b6 42. Rc8 bxc5 43. Rxc5 Kf6 44. Kg2 Rb7 45. Rc6 Rb2 46. Ra6 Rc2
47. Ra3 Kg5 48. Kg3 Kf6 49. Kf3 a5 50. Ke3 Kg5 51. Kf3 Rc1 52. Kg3 Rg1+ 53. Kh3
Rxg4 54. f3 Rg1 55. Rxa5 Kf4 56. Ra6 Kxf3 57. Kh2 Rg2+ 58. Kh1 Rc2 59. Rxe6 g5
60. Re5 g4 61. Rf5+ Kg3 62. Rf1 Kh3 63. a4 Ra2 64. Kg1 Rxa4 65. Kf2 Ra2+ 66.
Ke3 g3 67. Rf8 Rc2 68. Rh8+ Kg2 69. Kf4 Re2 70. Rg8 Re4+ 71. Kf5 Kf3 72. c4
Rxd4 73. c5 Rc4 74. Ke5 Rxc5 75. Rf8+ Ke3 76. Rg8 Kf2 77. Rf8+ Kg1 78. Kd4 Ra5
79. Rb8 g2 80. Ke3 Ra2 81. Kf3 d4 82. Rb6 Rd2 83. Rb3 Kh2 0-1

[Event "Cto. FACV Ind. Primera Valencia 2014"]
[Site "Valencia ESP"]
[Date "2014.10.25"]
[Round "4.6"]
[White "Palomo Ruiperez, Bruno"]
[Black "Carbonell Sancho, Marc"]
[Result "1-0"]
[WhiteElo "1808"]
[BlackElo "1560"]
[PlyCount "57"]
[EventDate "2014.09.27"]
[EventType "swiss"]
[EventRounds "7"]
[EventCountry "ESP"]
[Source "lmi"]
[SourceDate "2014.09.27"]

1. e4 c6 2. d4 d5 3. Nc3 dxe4 4. Nxe4 Nd7 5. Ng5 Ngf6 6. Bd3 e6 7. N1f3 Be7 8.
O-O O-O 9. Qe2 Nb6 10. Rd1 Nbd5 11. c4 Nb6 12. Ne4 Bd7 13. Nxf6+ Bxf6 14. Qe4
g6 15. Bh6 Bg7 16. Bxg7 Kxg7 17. h4 Qc7 18. h5 Rab8 19. Ne5 c5 20. hxg6 f5 21.
Qh4 hxg6 22. Qe7+ Kh6 23. Nf7+ Rxf7 24. Qxf7 cxd4 25. Be2 e5 26. Rd3 f4 27.
Rh3+ Kg5 28. Qe7+ Kf5 29. Bd3+ 1-0

[Event "Cto. FACV Ind. Primera Valencia 2014"]
[Site "Valencia ESP"]
[Date "2014.10.25"]
[Round "4.7"]
[White "Martinez Clari, Joan"]
[Black "Lopez Fernandez, Fernando"]
[Result "0-1"]
[WhiteElo "1832"]
[BlackElo "1708"]
[PlyCount "100"]
[EventDate "2014.09.27"]
[EventType "swiss"]
[EventRounds "7"]
[EventCountry "ESP"]
[Source "lmi"]
[SourceDate "2014.09.27"]

1. d4 f5 2. c4 Nf6 3. Nc3 g6 4. e4 d6 5. Bg5 Bg7 6. h4 Nc6 7. Nge2 Nxe4 8. Nxe4
fxe4 9. Qd2 Bf5 10. h5 Qd7 11. h6 Bf6 12. O-O-O Bxg5 13. Qxg5 Nb4 14. Nc3 Bg4
15. Rd2 Qf5 16. Qe3 Rf8 17. a3 Nd3+ 18. Bxd3 exd3 19. f3 Bxf3 20. gxf3 Qxf3 21.
Re1 Rf7 22. Nd5 Qxe3 23. Rxe3 Kd7 24. Rdxd3 c6 25. Nc3 Raf8 26. Ne4 Rf5 27. Kd2
Rh5 28. Rh3 Rff5 29. Ke2 b6 30. Nf2 e5 31. d5 c5 32. Rdf3 Ke7 33. b3 Rxf3 34.
Kxf3 Rf5+ 35. Ke3 a6 36. Rf3 Rh5 37. Ng4 Rh4 38. Nf6 b5 39. cxb5 axb5 40. Nxh7
Rxh6 41. Ng5 Rh5 42. Ne4 Rh1 43. Rg3 Re1+ 44. Kd3 c4+ 45. bxc4 bxc4+ 46. Kc3
Rxe4 47. Rxg6 Rf4 48. Rg7+ Kd8 49. Rg6 Kc7 50. a4 Rd4 0-1

[Event "Cto. FACV Ind. Primera Valencia 2014"]
[Site "Valencia ESP"]
[Date "2014.10.25"]
[Round "4.8"]
[White "Abbas, Khalid Abel Halim"]
[Black "Garrigues Pinazo, Jorge Ignaci"]
[Result "1-0"]
[WhiteElo "1702"]
[BlackElo "1779"]
[PlyCount "71"]
[EventDate "2014.09.27"]
[EventType "swiss"]
[EventRounds "7"]
[EventCountry "ESP"]
[Source "lmi"]
[SourceDate "2014.09.27"]

1. d4 d5 2. c4 e5 3. dxe5 d4 4. Nf3 Nc6 5. g3 Bg4 6. Bg2 Bb4+ 7. Nbd2 Nge7 8.
O-O O-O 9. a3 Bxd2 10. Qxd2 Ng6 11. b3 Bxf3 12. exf3 Ncxe5 13. f4 Nc6 14. Bb2
Nge7 15. Rad1 Qc8 16. Bxd4 Nxd4 17. Qxd4 c6 18. Qd7 Ng6 19. Qxc8 Rfxc8 20. Rd7
Rab8 21. Re1 Nf8 22. Rd6 Rc7 23. c5 Ne6 24. b4 g6 25. Bh3 Ng7 26. Red1 Ne8 27.
Rd8 Rxd8 28. Rxd8 Kf8 29. Rb8 f5 30. g4 Rf7 31. gxf5 gxf5 32. Kg2 Kg7 33. Rxe8
Kf6 34. Re5 Kg6 35. Kf3 b6 36. Re6+ 1-0

[Event "Cto. FACV Ind. Primera Valencia 2014"]
[Site "Valencia ESP"]
[Date "2014.10.25"]
[Round "4.9"]
[White "Mateo Lopez, Ricardo"]
[Black "Navarro Gomez, Gabriel"]
[Result "1/2-1/2"]
[WhiteElo "1512"]
[BlackElo "1756"]
[PlyCount "82"]
[EventDate "2014.09.27"]
[EventType "swiss"]
[EventRounds "7"]
[EventCountry "ESP"]
[Source "lmi"]
[SourceDate "2014.09.27"]

1. e4 e5 2. Nf3 Nc6 3. c3 Nf6 4. d3 Bc5 5. Be2 d6 6. O-O h5 7. Bg5 Bg4 8. Nbd2
Qd7 9. a4 a6 10. b4 Ba7 11. b5 Ne7 12. bxa6 bxa6 13. d4 Ng6 14. Bxa6 exd4 15.
cxd4 c6 16. d5 O-O 17. Bxf6 gxf6 18. dxc6 Qxc6 19. Bb5 Qb7 20. Rc1 Rac8 21. Qb3
Nf4 22. h3 Be6 23. Qb2 Kg7 24. Kh2 Rh8 25. Nh4 Rh6 26. Qb1 Qa8 27. g3 Ng6 28.
Nf5+ Bxf5 29. exf5 Ne5 30. Rxc8 Qxc8 31. f4 Qc3 32. Qd1 Ng4+ 33. hxg4 hxg4+ 34.
Kg2 Qd4 35. Qxg4+ Kf8 36. Qe2 Qd5+ 37. Nf3 Qxf5 38. Rh1 Rxh1 39. Kxh1 Qh5+ 40.
Kg2 Qd5 41. Qd2 Qc5 1/2-1/2

[Event "Cto. FACV Ind. Primera Valencia 2014"]
[Site "Valencia ESP"]
[Date "2014.10.25"]
[Round "4.10"]
[White "Parreno Cueto, Andres"]
[Black "Cubells Izquierdo, Jose"]
[Result "1-0"]
[WhiteElo "1746"]
[BlackElo "1689"]
[PlyCount "115"]
[EventDate "2014.09.27"]
[EventType "swiss"]
[EventRounds "7"]
[EventCountry "ESP"]
[Source "lmi"]
[SourceDate "2014.09.27"]

1. d4 Nf6 2. Nf3 e6 3. c4 b6 4. a3 Bb7 5. Nc3 Be7 6. Qc2 d5 7. cxd5 Nxd5 8. e4
Nxc3 9. bxc3 O-O 10. Bd3 c5 11. O-O h6 12. Re1 Nd7 13. Qe2 Re8 14. Bd2 cxd4 15.
cxd4 Nf6 16. e5 Nh7 17. a4 Bxf3 18. Qxf3 Qxd4 19. Bc3 Qd8 20. Bb5 Rf8 21. Red1
Qc8 22. Rac1 Ng5 23. Qe2 Rd8 24. Bd2 Bc5 25. h4 Nh7 26. Be3 Qc7 27. Bxc5 bxc5
28. Rxd8+ Rxd8 29. Qe3 Rd5 30. f4 Nf8 31. Bc4 Rd4 32. Bd3 Qa5 33. Bb5 Qb4 34.
g3 a6 35. Bxa6 Qxa4 36. Bd3 Nd7 37. Qe2 Rb4 38. Bc2 Qa3 39. Qe1 Rb2 40. Ra1 Ra2
41. Rxa2 Qxa2 42. Qe4 g6 43. h5 Qd5 44. hxg6 Qxe4 45. gxf7+ Kxf7 46. Bxe4 Nb6
47. Kf2 c4 48. Ke3 Ke7 49. Kd4 Kd7 50. Kc5 Kc7 51. Bg6 c3 52. Kd4 Nd5 53. Be4
Kc6 54. Bxd5+ exd5 55. Kxc3 Kc5 56. Kd3 h5 57. f5 d4 58. e6 1-0

[Event "Cto. FACV Ind. Primera Valencia 2014"]
[Site "Valencia ESP"]
[Date "2014.11.08"]
[Round "5.1"]
[White "Juarez Murcia, Valeriano"]
[Black "Palomo Ruiperez, Bruno"]
[Result "1/2-1/2"]
[WhiteElo "1815"]
[BlackElo "1808"]
[PlyCount "24"]
[EventDate "2014.09.27"]
[EventType "swiss"]
[EventRounds "7"]
[EventCountry "ESP"]

1. e4 e5 2. Nf3 Nc6 3. Bb5 Nf6 4. d3 Bc5 5. O-O d6 6. c3 O-O 7. Bg5 h6 8. Be3
Bxe3 9. fxe3 Bd7 10. Nbd2 a6 11. Ba4 Re8 12. Qe1 b5 1/2-1/2

[Event "Cto. FACV Ind. Primera Valencia 2014"]
[Site "Valencia ESP"]
[Date "2014.11.08"]
[Round "5.2"]
[White "Martinez Hernandez, Paula"]
[Black "Fuset Torralba, Jose Luis"]
[Result "1-0"]
[WhiteElo "1800"]
[BlackElo "1727"]
[PlyCount "69"]
[EventDate "2014.09.27"]
[EventType "swiss"]
[EventRounds "7"]
[EventCountry "ESP"]

1. e4 c6 2. Nc3 d5 3. Nf3 dxe4 4. Nxe4 Nd7 5. Bc4 e6 6. d4 Ngf6 7. Bg5 Be7 8.
Ng3 Qc7 9. O-O b5 10. Bd3 O-O 11. Re1 Re8 12. Ne5 Nf8 13. Ne4 Nxe4 14. Bxe7
Nxf2 15. Qf3 f6 16. Bxf8 Rxf8 17. Qxf2 fxe5 18. Bxh7+ Kxh7 19. Qxf8 Bb7 20. Qf3
exd4 21. Qe4+ Kh8 22. Qxd4 c5 23. Qh4+ Kg8 24. Rxe6 c4 25. Rae1 Rf8 26. Re7
Qc5+ 27. Kh1 Qc6 28. Qg3 Qf6 29. Kg1 Qb6+ 30. Qe3 Qc6 31. Qe6+ Qxe6 32. R1xe6
Bc8 33. Re5 a6 34. Re8 Kf7 35. R5e7+ 1-0

[Event "Cto. FACV Ind. Primera Valencia 2014"]
[Site "Valencia ESP"]
[Date "2014.11.08"]
[Round "5.3"]
[White "Rull Costa, Baltasar"]
[Black "Dolz Belenguer, Ramon Miguel"]
[Result "1/2-1/2"]
[WhiteElo "1747"]
[BlackElo "1870"]
[PlyCount "134"]
[EventDate "2014.09.27"]
[EventType "swiss"]
[EventRounds "7"]
[EventCountry "ESP"]

1. e4 c5 2. c3 Nf6 3. e5 Nd5 4. d4 cxd4 5. Nf3 Nc6 6. cxd4 e6 7. Bc4 d6 8. O-O
Be7 9. Qe2 O-O 10. Qe4 Ndb4 11. exd6 Qxd6 12. Bf4 Qd8 13. Nc3 Na5 14. Be2 Bd7
15. Ne5 Bc6 16. Nxc6 Naxc6 17. a3 Nd5 18. Nxd5 Qxd5 19. Qxd5 exd5 20. Rfd1 Bf6
21. Be3 Rac8 22. Bg4 Rcd8 23. Rac1 Rfe8 24. b4 a6 25. Bf3 Re6 26. Bg4 Re4 27.
Bf3 Re6 28. Rc5 Nxd4 29. Bxd4 Bxd4 30. Rxd5 Rde8 31. g3 Bb2 32. a4 g6 33. Rd7
b5 34. axb5 axb5 35. Rb7 Re5 36. Rdd7 Rf5 37. Kg2 Bc3 38. Rd5 Bxb4 39. Rxf5
gxf5 40. Rxb5 Bd6 41. Rxf5 Re5 42. Rf6 Re6 43. Rf5 Re5 44. Rf4 Kg7 45. Rd4 Bc5
46. Rd7 Re7 47. Rd5 Bb6 48. h4 f6 49. g4 h6 50. h5 Bc7 51. Rc5 Be5 52. Rc8 Rc7
53. Rd8 Kf7 54. Be4 Ke7 55. Rh8 Bf4 56. Kf3 Bg5 57. Kg3 Rc3+ 58. f3 Kd6 59.
Rd8+ Ke5 60. Rd5+ Ke6 61. Rf5 Be3 62. Kg2 Rc5 63. Rxc5 Bxc5 64. Kf1 Be3 65. Ke2
Bf4 66. Kd3 Ke5 67. Kc4 Bc1 1/2-1/2

[Event "Cto. FACV Ind. Primera Valencia 2014"]
[Site "Valencia ESP"]
[Date "2014.11.08"]
[Round "5.4"]
[White "Lopez Fernandez, Fernando"]
[Black "Benitez Lopez, Julio"]
[Result "0-1"]
[WhiteElo "1708"]
[BlackElo "1800"]
[PlyCount "50"]
[EventDate "2014.09.27"]
[EventType "swiss"]
[EventRounds "7"]
[EventCountry "ESP"]

1. e4 c5 2. Nf3 e6 3. d4 cxd4 4. Nxd4 a6 5. c4 Qc7 6. Nc3 Nf6 7. Be2 Nc6 8. O-O
b6 9. a3 Be7 10. f4 Nxd4 11. e5 Nxe2+ 12. Qxe2 Ng8 13. b3 Bb7 14. Kh1 Nh6 15.
Ne4 Nf5 16. Bb2 h5 17. Rad1 h4 18. Kg1 Rc8 19. Nd6+ Bxd6 20. exd6 Qc5+ 21. Rf2
h3 22. gxh3 Qc6 23. Rg2 Qxg2+ 24. Qxg2 Bxg2 25. Kxg2 Ne3+ 0-1

[Event "Cto. FACV Ind. Primera Valencia 2014"]
[Site "Valencia ESP"]
[Date "2014.11.08"]
[Round "5.5"]
[White "Garcia Martin, Guillermo"]
[Black "Parreno Cueto, Andres"]
[Result "1/2-1/2"]
[WhiteElo "1521"]
[BlackElo "1746"]
[PlyCount "97"]
[EventDate "2014.09.27"]
[EventType "swiss"]
[EventRounds "7"]
[EventCountry "ESP"]

1. e4 e6 2. d4 d5 3. Nd2 c5 4. c3 cxd4 5. cxd4 Nc6 6. Ngf3 Bb4 7. e5 Nge7 8.
Bd3 Bd7 9. O-O Ng6 10. Nb3 Be7 11. Bd2 a5 12. Rc1 Nb4 13. Bxg6 hxg6 14. a3 Nd3
15. Rb1 a4 16. Ba5 Rxa5 17. Nxa5 Qxa5 18. Qxd3 Bb5 19. Qc3 Qxc3 20. bxc3 Bxf1
21. Kxf1 Bxa3 22. Rxb7 O-O 23. Ra7 Bb2 24. Rxa4 Bxc3 25. Ra7 Rc8 26. Ke2 f6 27.
Ra6 Re8 28. Kd3 Bb4 29. Nh4 g5 30. Nf3 Kf7 31. Ra7+ Re7 32. Rxe7+ Kxe7 33. Ke3
Kf7 34. g4 Kg6 35. Kd3 f5 36. h3 Ba5 37. Nd2 Kf7 38. Nf3 Bd8 39. Kc3 fxg4 40.
hxg4 Ke8 41. Kb4 Kd7 42. Kb5 Be7 43. Nd2 Ba3 44. Nb3 g6 45. Nc5+ Ke7 46. Nb3
Bb2 47. Kc6 Bc3 48. Kb5 Kd7 49. Nc5+ 1/2-1/2